| 000 | 00689cab a2200229 4500 | ||
|---|---|---|---|
| 001 | WB2914-37 | ||
| 008 | 090401t1993 xxu||||| |||| 00| 0 eng d | ||
| 035 | _a(Sirsi) u91798 | ||
| 041 | _aeng | ||
| 245 | _aProperty dealer`s comeback | ||
| 260 | _c1993 | ||
| 350 | _a0 | ||
| 490 |
_aFinancial Times _v2 April 1993, 27(1) |
||
| 520 | _aA profile of William Stern, whom the 1970s property crash ruined. Reports on his current business difficulties. | ||
| 650 | _aBANKRUPTCY | ||
| 650 | _aDOLLAR LAND HOLDINGS | ||
| 650 | _aPROPERTY CRASH | ||
| 650 | _aPROPERTY DEVELOPERS | ||
| 690 | _aMANAGEMENT-BUSINESS MANAGEMENT-PROFESSIONAL PRACTICE | ||
| 942 | _n0 | ||
| 948 | _c04/03/1997 | ||
| 999 |
_c58254 _d58254 |
||